000 00814cam a22002294a 4500
005 20250605164021.0
008 250528s ||||||||||||||||||||||||d
035 _a16341
020 _a918286182
040 _aGR-AtMCL
_bgre
_dGR-AtMCL
_eAACR2
245 1 _aPerformance Zoning
260 _bPlanners Press,
_c1980
300 _a358
520 _aAcknowledgements, The Concept of Performance Zoning, Introduction, Variables, Design, The Standards, Site Capacity and Land Use Intensity, Bufferyards, Housing, Transportation, Putting It All Together, Model Ordinance, Theory and Technical Aspects, Notes, Appendix.
700 1 _aByrd Cranston
_92428
700 1 _aConnor Susan
_92429
700 1 _aHeyman Judy
_92430
700 1 _aKendig Lane
_92431
942 _cBK
999 _c1852
_d1852